000 01150nac a22003371i 4500
003 EG-ScBUE
005 20260301095845.0
008 260301t2000 cauab f b 001 0 eng d
020 _a0123898455
020 _a9780123898456
035 _a(DLC)203737
040 _aEG-ScBUE
_beng
_erda
_cEG-ScBUE
_dEG-ScBUE
082 0 4 _a577.64
_bSTR
_222
245 0 0 _aStreams and ground waters /
_cedited by Jeremy B. Jones, Patrick J. Mulholland.
264 1 _aSan Diego, Calif. :
_bAcademic Press,
_c[2000]
264 4 _cc2000
300 _axix, 425 pages :
_billustrations, maps ;
_c24 cm
336 _2rdacontent
_atext
_btxt
337 _aunmediated
_2rdamedia
_bn
338 _avolume
_bnc
_2rdacarrier
504 _aIncludes bibliographical references and index.
650 7 _aStream ecology.
_2BUEsh
650 7 _aGroundwater ecology.
_2BUEsh
650 7 _aHydrology.
_2BUEsh
650 7 _aBiogeochemistry.
_2BUEsh
655 _vReading book
700 1 _aJones, Jeremy B.,
_eeditor.
700 1 _aMulholland, Patrick J.,
_eeditor.
856 4 2 _3Publisher description
_uhttp://www.loc.gov/catdir/description/els033/99063444.html
942 _cBB
_2ddc
999 _c5290
_d5290